Statystyki dla Państwa Świata w 1 Godzinę

Kliknij tutaj aby rozwiązać quiz!

Ogólne statystyki

  • Ten quiz został rozwiązany 4 003 razy
  • Średni wynik to 134 z 196

Odpowiedzi na mapie

Odpowiedzi skodowane kolorowo w zielono-czerwonej skali na mapie do tego quizu, zgodnie z poniższymi procentami.
 

Statystyki odpowiedzi

Kraj% Poprawnych
Polska
94%
Rosja
93%
Stany Zjednoczone
93%
Francja
92%
Niemcy
92%
Białoruś
91%
Czechy
91%
Hiszpania
91%
Kanada
91%
Ukraina
91%
Brazylia
90%
Dania
90%
Litwa
90%
Portugalia
90%
Szwecja
90%
Wielka Brytania
90%
Włochy
90%
Austria
89%
Chiny
89%
Estonia
89%
Finlandia
89%
Grecja
89%
Łotwa
89%
Meksyk
89%
Norwegia
89%
Argentyna
88%
Belgia
88%
Holandia
88%
Irlandia
88%
Słowacja
88%
Turcja
88%
Australia
87%
Islandia
87%
Japonia
87%
Chorwacja
86%
Rumunia
86%
Słowenia
86%
Szwajcaria
86%
Albania
85%
Bośnia i Hercegowina
85%
Egipt
85%
Korea Południowa
85%
Węgry
85%
Bułgaria
84%
Indie
84%
Kazachstan
84%
Korea Północna
84%
Chile
83%
Irak
82%
Iran
82%
Luksemburg
82%
Mołdawia
82%
Watykan
82%
Arabia Saudyjska
81%
Czarnogóra
81%
Malta
81%
Serbia
81%
Kosowo
80%
Kuba
80%
Macedonia Północna
80%
Maroko
80%
Mongolia
80%
Andora
79%
Cypr
79%
Madagaskar
79%
Republika
Południowej Afryki
79%
Niger
78%
Peru
78%
Indonezja
77%
Izrael
77%
Liechtenstein
77%
Urugwaj
77%
Monako
76%
Nowa Zelandia
76%
Algieria
75%
Boliwia
75%
Demokratyczna
Republika Konga
75%
Gruzja
75%
Kolumbia
75%
Nigeria
75%
Oman
75%
San Marino
75%
Wenezuela
75%
Afganistan
74%
Dominika
74%
Armenia
73%
Filipiny
72%
Kongo
72%
Pakistan
72%
Tunezja
72%
Ekwador
71%
Libia
71%
Tajlandia
71%
Zjednoczone Emiraty
Arabskie
71%
Azerbejdżan
70%
Czad
70%
Dominikana
70%
Jemen
70%
Paragwaj
70%
Uzbekistan
70%
Wietnam
70%
Katar
69%
Panama
69%
Sudan
69%
Jamajka
67%
Kenia
67%
Nepal
67%
Angola
66%
Etiopia
66%
Sri Lanka
66%
Syria
66%
Tajwan
66%
Turkmenistan
66%
Gwinea
65%
Jordania
65%
Papua-Nowa Gwinea
65%
Somalia
65%
Haiti
64%
Kostaryka
64%
Malezja
64%
Bangladesz
63%
Kirgistan
63%
Tadżykistan
63%
Laos
62%
Liban
62%
Gujana
61%
Kambodża
61%
Mali
61%
Wybrzeże Kości
Słoniowej
61%
Zambia
61%
Honduras
59%
Senegal
59%
Sudan Południowy
59%
Kuwejt
58%
Malediwy
58%
Zimbabwe
58%
Bhutan
57%
Fidżi
57%
Ghana
57%
Republika Zielonego
Przylądka
57%
Bahamy
56%
Tanzania
56%
Gwatemala
55%
Surinam
55%
Uganda
55%
Gwinea Równikowa
54%
Mozambik
54%
Republika
Środkowoafrykańska
54%
Belize
53%
Erytrea
53%
Mjanma
53%
Salwador
53%
Seszele
53%
Togo
53%
Kamerun
52%
Mauretania
52%
Nikaragua
52%
Singapur
52%
Wyspy Świętego
Tomasza i Książeca
52%
Botswana
51%
Liberia
51%
Mikronezja
51%
Wyspy Marshalla
51%
Lesotho
50%
Namibia
50%
Gabon
49%
Gambia
48%
Wyspy Salomona
48%
Barbados
47%
Gwinea Bissau
47%
Rwanda
47%
Bahrajn
46%
Benin
46%
Burkina Faso
46%
Timor Wschodni
46%
Dżibuti
45%
Eswatini
45%
Mauritius
45%
Burundi
44%
Komory
44%
Kiribati
43%
Malawi
43%
Palau
43%
Trynidad i Tobago
43%
Brunei
42%
Sierra Leone
42%
Antigua i Barbuda
41%
Saint Lucia
41%
Samoa
40%
Tuvalu
40%
Nauru
39%
Tonga
39%
Vanuatu
39%
Grenada
38%
Saint Vincent i
Grenadyny
38%
Saint Kitts i Nevis
36%

Rozkład punktacji

Percentyl według liczby udzielonych odpowiedzi

Procent ludzi z każdym wynikiem

Twoja historia wyników

Nie rozwiązałeś tego quizu